000 00758cam a22002413a 4500
001 20740
003 PGUSA
005 20140828083436.0
008 070304s2007||||xxu|||||s|||||000 | eng d
040 _aPGUSA
_beng
042 _adc
050 4 _aBL
245 1 0 _aMyths and Legends of All Nations :
_bFamous Stories from the Greek, German, English, Spanish, Scandinavian, Danish, French, Russian, Bohemian, Italian and other sources
_h[electronic resource]
260 _bProject Gutenberg,
_c2007
506 _aPublic domain in the USA.
516 _aElectronic text
653 _aMythology
653 _aLegends
700 1 _aMarshall, Logan
830 0 _aProject Gutenberg
_v20740
856 4 0 _uhttp://www.gutenberg.org/ebooks/20740
942 _cEB
999 _c249995
_d249995